000 00436nam a22001697a 4500
003 OSt
005 20260210041057.0
008 260210b |||||||| |||| 00| 0 eng d
020 _a97800619682783
040 _aDWCL-Main Lib
_cOC
082 _aFic. C672 2008
100 _aCoelho, Paulo
245 _aThe winner stands alone
260 _aNew York :
_bHarper,
_cc2008.
300 _a343 pages. ;
_c17 cm.
942 _2ddc
_cFIC.
_mFic.
_n0
999 _c8327
_d8327